| 000 | 00389nam a2200145Ia 4500 | ||
|---|---|---|---|
| 008 | 140316s9999 xx 000 0 und d | ||
| 020 | _a8186247254 | ||
| 082 |
_a584.9 _bSEE/BA |
||
| 100 | _aSeethalakshmi,K.K | ||
| 245 | _aBamboos of India: a compendium | ||
| 260 |
_aPeechi _bKerala forest research institute _c1998 |
||
| 300 | _a342 | ||
| 700 | _aKumar,M.S. Muktesh | ||
| 942 |
_2ddc _cREF |
||
| 999 |
_c21109 _d21109 |
||